| 000 | 01203cam a2200289 a 4500 | ||
|---|---|---|---|
| 999 |
_c32181 _d32181 |
||
| 001 | 15772248 | ||
| 003 | OSt | ||
| 005 | 20170131103239.0 | ||
| 008 | 090611s2011 maua b 001 0 eng | ||
| 010 | _a 2009022415 | ||
| 020 | _a9781934015476 (hbk.) | ||
| 020 | _a1934015474 (hbk.) | ||
| 035 | _a(OCoLC)ocn225874149 | ||
| 040 |
_aDLC _cDLC _dBTCTA _dBAKER _dYDXCP _dC#P _dBWX _dCDX _dDLC |
||
| 050 | 0 | 0 |
_aTA357 _b.P486 2011 |
| 082 | 0 | 0 |
_a620.1/06 _222 |
| 100 | 1 | _aPost, Scott. | |
| 245 | 1 | 0 |
_aApplied and Computational Fluid Mechanics / _cScott Post. |
| 260 |
_aSudbury, Mass. : _bJones and Bartlett Publishers, _cc2011. |
||
| 300 |
_axiv, 524 p. : _bill. ; _c24 cm. + _e1 CD-ROM (4 3/4 in.) |
||
| 504 | _aIncludes bibliographical references and index. | ||
| 505 | 0 | _aIntroduction -- Fluid statics -- Fluid dynamics -- Differential equations of fluid motion -- Internal flow -- External flow -- Rotating machinery -- Additional applications -- Fluid measurement techniques. | |
| 650 | 0 | _aFluid mechanics. | |
| 906 |
_a7 _bcbc _corignew _d1 _eecip _f20 _gy-gencatlg |
||
| 942 |
_2ddc _cBK |
||